000 01150cam a22003617a 4500
001 2308
005 20250513092320.0
020 _a9780606230230
020 _a0606230238
020 _a9780060835644
020 _a0060835648
020 _a9780060835637
020 _a006083563X
040 _aBTCTA
_beng
_cBTCTA
_dMCT
_dOCO
_dBKX
_dWIM
_dILC
_dVP@
_dUTW
_dBDX
_dDLC
050 0 0 _aPZ7.M462
_bJuh 2011
082 0 4 _a331
_223
100 1 _aMayer, Mercer
_d1943-
245 1 0 _aJust helping my dad /
_cby Mercer Mayer.
250 _aFirst Edition
260 _aNew York :
_bHarper,
_c2011
300 _a32 pages :
_bIllustrations
_c23 cm
490 1 _aI can read! My first shared reading
500 _a"Mercer Mayer's Little Critter" -- Cover.
500 _a"A Big Tuna Trading Company, LLC/J.R. Sansevere book"--T.p. verso.
505 _aF
520 _aWhen Little Critter helps his Dad all day long, things don't go as planned.
521 _a310
_bLexile
521 _aF
_bRaz-Plus
650 1 _aHelpfulness
_vFiction.
650 1 _aFathers and sons
_vFiction.
906 _a7
_bcbc
_ccopycat
_d2
_eepcn
_f20
_gy-gencatlg
942 _2ddc
_cBK
_n0
999 _c2308
_d2308